Case studies in organizational communication
Uložené v:
| Médium: | Kniha |
|---|---|
| Jazyk: | English |
| Vydavateľské údaje: |
New York :
The Guilford Press,
1990
|
| Tagy: |
Žiadne tagy, Buďte prvý, kto otaguje tento záznam!
|
MARC
| LEADER | 00000nam a22000003a 4500 | ||
|---|---|---|---|
| 001 | stu27302 | ||
| 005 | 20141122065402.8 | ||
| 008 | 940120s1990----xxu-----------------eng-d | ||
| 020 | |a 0-89862-287-5 | ||
| 040 | |a STU |b slo | ||
| 041 | 0 | |a eng | |
| 044 | |a xxu | ||
| 080 | |a 007/008 |7 stu_us_auth*stu3770 | ||
| 245 | |a Case studies in organizational communication | ||
| 260 | |a New York : |b The Guilford Press, |c 1990 | ||
| 300 | |a 10,326 s | ||
| 996 | |b 284V027617 |c V*41988/O-17907 |l VVT |s A |a 24 |w stu27302_0001 | ||